Italian Brainrot Official Quiz - Statistics

Statistiche generali
  • Questo quiz è stato fatto 3.598 volte
    3.596 dall'ultimo reset
  • Il punteggio medio è 4 su 19
Statistiche sulle risposte
con Immagini Risposta % Corretto
tralalero tralala
84%
brr brr patapim
75%
tung tung tung tung tung tung sahur
62%
la vaca saturno saturnita
36%
bombardilo crocodilo
33%
lirili larila
31%
frigo camello
20%
boneca ambalabu
17%
cappuccino asassino
11%
tripi tropi tropa tripa
11%
bombini guzini
7%
u din din din dun
7%
frulli frolla
3%
il cacto hipopotamo
3%
bananitta dolphinitta
2%
fake tripi tropi
2%
crocodilo fromagioso
1%
garamararamararaman madundungdudung tungtung perkuntung
1%
shimpazinni bananinni
1%
Nessun quiz corrispondente trovato
Distribuzione punteggi
Percentuale di utenti per punteggio
Percentile per numero di risposta
I tuoi punteggi nel tempo
Non hai fatto questo quiz dall'ultimo reset